00569nam a22002057a 450000500170000001000150001702000270003203500130005903700130007208200120008510000160009724500450011325000280015826000380018627000510022430000250027550000200030094200260032099900170034620150605123912.0 aENG-113234 a9788171772353c1450.00 aEN-96766 bDBAD/PUB a347.052 aMitra, B.B. aThe limitation act 1963 /cby B.B. Mitra a22nd ed by M.R.Mallick  aKolkattabEastern Law Housec2011 a54, Ganesh Chunder Avenue, bKolkatta e700013 a144,1748p.c25cm(Hb) aIncludes index  2ddccENmMITh347.052 c94110d94110